| 000 | 01575cam a2200325 a 4500 | ||
|---|---|---|---|
| 001 | 12364386 | ||
| 003 | OSt | ||
| 005 | 20160910111931.0 | ||
| 008 | 010330s2001 nyu b 001 0 eng | ||
| 010 | _a 2001030915 | ||
| 020 | _a0-393-02025-8 | ||
| 040 |
_aDLC _cDLC _dDLC |
||
| 050 | 0 | 0 |
_aD397 _b.M38 2001 |
| 082 | 0 | 0 |
_aDC 327.101 _22001 _bM55 |
| 100 | 1 | _aMearsheimer, John J. | |
| 245 | 1 | 4 |
_aThe tragedy of Great Power politics / _cJohn J. Mearsheimer. |
| 260 |
_aNew York : _bNorton, _cc2001. |
||
| 300 |
_axvi, 555 pages; _c24 cm. |
||
| 500 | _aIncludes index. | ||
| 504 | _aIncludes bibliographical references and index. | ||
| 505 | 8 | _aMachine generated contents note: I -- ONE Introduction -- TWO Anarchy and the Struggle for Power -- THREE Wealth and Power -- FOUR The Primacy of Land Power -- FIVE Strategies for Survival -- SIX Great Powers in Action -- SEVEN The Offshore Balancers -- EIGHT Balancing versus Buck-Passing -- NINE The Causes of Great Power War -- TEN Great Power Politics in the Twenty-first Century -- Notes -- Index. | |
| 650 | 0 |
_aWorld politics _y19th century. |
|
| 650 | 0 |
_aWorld politics _y20th century. |
|
| 650 | 0 | _aGreat powers. | |
| 650 | 0 | _aInternational relations. | |
| 856 | 4 | 1 |
_3Table of contents _uhttp://www.loc.gov/catdir/toc/fy02/2001030915.html |
| 906 |
_a7 _bcbc _corignew _d1 _eocip _f20 _gy-gencatlg |
||
| 942 |
_2ddc _cDC |
||
| 999 |
_c4459 _d4459 |
||